The Simpsons-Family Guy Characters Quiz Stats

 Plays Quiz not verified by Sporcle

Score 0/25 Timer 05:00
0 Plays Today
Simpsons Character Family Guy Equivalent % Correct
Homer SimpsonPeter Griffin
99%
Lisa SimpsonMeg Griffin
96.1%
Maggie SimpsonStewie Griffin
95.9%
Marge SimpsonLois Griffin
95.4%
Santa's Little HelperBrian Griffin
94.4%
Bart SimpsonChris Griffin
93.1%
Carl CarlsonCleveland Brown
83.1%
Lenny LeonardGlen Quagmire
82.8%
Mayor Joe QuimbyAdam West
73.5%
Clancy WiggumJoe Swanson
70.6%
Kent BrockmanTom TuckerIDiane Simmons
62.6%
James WoodsJames Woods
58.5%
Millhouse Van HoutenNeil Goldman
49.5%
Simpsons Character Family Guy Equivalent % Correct
Clancy BouvierCarter Pewterschmidt
44.4%
Abe SimpsonFrancis Griffin/Mickey Finnigan
41.3%
Charles Montgomery BurnsJonathan Weed
37.4%
Cookie KwonTricia Takanawa
34.9%
Moe SyzslakHorace
34.1%
Jacqueline BouvierBarbara Pewterschmidt
31.3%
Captain Horatio McCallisterSeamus
28.8%
Dr. Julius HibbertDr. Elmer Hartman
28%
Apu NahasapeemapetilonCarl
25.8%
Mona SimpsonThelma Griffin
22.5%
Yes GuyBruce
9.7%
Seymour SkinnerPrincipal Shepard
3.8%

You're not logged in!

Compare scores with friends on all Sporcle quizzes.
OR
Log In

Show Comments

Extras

Top Quizzes Today


Score Distribution

Your Account Isn't Verified!

In order to create a playlist on Sporcle, you need to verify the email address you used during registration. Go to your Sporcle Settings to finish the process.

Report this User

Report this user for behavior that violates our Community Guidelines.

Details: